Statistics for Regions of Slovakia

Click here to take the quiz!

General Stats

  • This quiz has been taken 130 times
  • The average score is 7 of 8

Answers on the Map

Answers color-coded by a green-red scale on the quiz's map according to % correct below.
 

Answer Stats

Answer% Correct
Bratislava
100%
Košice
92%
Banská Bystrica
82%
Nitra
82%
Trnava
82%
Prešov
80%
Žilina
78%
Trenčín
76%

Score Distribution

Percentile by Number Answered

Percent of People with Each Score

Your Score History

You have not taken this quiz